AI trong kỷ nguyên khai sáng toàn cầu
Cuốn sách này được viết nhằm mục đích cung cấp những kiến thức về Robot AI nhằm phục vụ hạnh phúc con người, truyền tải một số thông điệp dung hoà giữa người và Robot AI theo hướng tích cực: Tư duy, nhận thức, công việc, thu nhập, cuọ...
Na minha lista:
| Autor principal: | |
|---|---|
| Formato: | Livro |
| Idioma: | Vietnamese |
| Publicado em: |
H.
Thế giới
2023
|
| Assuntos: | |
| Tags: |
Adicionar Tag
Sem tags, seja o primeiro a adicionar uma tag!
|
| Thư viện lưu trữ: | Thư viện Trường Đại học Nam Cần Thơ |
|---|
| LEADER | 01477nam a22002177a 4500 | ||
|---|---|---|---|
| 001 | NCT_4_019096 | ||
| 008 | 250513b xxu||||| |||| 00| 0 vie d | ||
| 999 | |c 8927 |d 8927 | ||
| 020 | |a 9786043920451 |c 186000 | ||
| 082 | 0 | 4 | |2 23rd ed. |a 658.3124 |b Ng527 |
| 100 | 1 | |a Nguyen, Michelle | |
| 245 | 1 | 0 | |a AI trong kỷ nguyên khai sáng toàn cầu |c Michelle Nguyen |
| 260 | |a H. |b Thế giới |c 2023 | ||
| 300 | |a 223 tr. |b Minh họa |c 21 cm | ||
| 520 | 3 | |a Cuốn sách này được viết nhằm mục đích cung cấp những kiến thức về Robot AI nhằm phục vụ hạnh phúc con người, truyền tải một số thông điệp dung hoà giữa người và Robot AI theo hướng tích cực: Tư duy, nhận thức, công việc, thu nhập, cuộc sống cá nhân, quan hệ xã hội... | |
| 653 | |a Công nghệ thông tin | ||
| 942 | |2 ddc |c BK | ||
| 952 | |0 0 |1 0 |2 ddc |4 0 |6 658_312400000000000_NG527 |7 0 |9 30633 |a 000001 |b 000001 |d 2025-05-13 |o 658.3124 Ng527 |p MD.23717 |r 2025-05-13 |v 186000.00 |w 2025-05-13 |y BK | ||
| 952 | |0 0 |1 0 |2 ddc |4 0 |6 658_312400000000000_NG527 |7 0 |9 30634 |a 000001 |b 000001 |d 2025-05-13 |o 658.3124 Ng527 |p MD.23718 |r 2025-05-13 |v 186000.00 |w 2025-05-13 |y BK | ||
| 952 | |0 0 |1 0 |2 ddc |4 0 |6 658_312400000000000_NG527 |7 0 |9 30635 |a 000001 |b 000001 |d 2025-05-13 |o 658.3124 Ng527 |p MD.23719 |r 2025-05-13 |v 186000.00 |w 2025-05-13 |y BK | ||
| 980 | |a Thư viện Trường Đại học Nam Cần Thơ | ||


